Statistics for World Cities by Photo - #1

Click here to take the quiz!

General Stats

  • This quiz has been taken 813 times
  • The average score is 12 of 16

Answer Stats

Answer% Correct
Sydney
96%
Dubai
95%
London
95%
San Francisco
95%
Tokyo
95%
Miami
88%
Cairo
86%
Toronto
83%
Istanbul
80%
Shanghai
78%
Cape Town
72%
Florence
66%
Mumbai
46%
Seoul
38%
Mexico City
30%
Baku
24%

Score Distribution

Percentile by Number Answered

Percent of People with Each Score

Your Score History

You have not taken this quiz